| 000 | 00469nam a2200145 a 4500 | ||
|---|---|---|---|
| 008 | 120416s1993 xx |||||||||||||| || u | ||
| 050 | _aHD 31 Gre | ||
| 100 | _aGregson, Shaun | ||
| 245 | 1 | 0 | _aOrganizations and management |
| 260 | _c1993 | ||
| 350 | _a0.00 | ||
| 650 | 0 | _aMANAGEMENT | |
| 650 | _aORGANIZATIONS | ||
| 995 |
_D0.00 _FCBU-MAIN LIBRARY (Kitwe) _H1 _I8.95 _M1 _UAVAILABLE _ZMain Library Open Access Collection |
||
| 999 |
_c52912 _d52912 |
||